000 00510nam a22001817a 4500
005 20251108165309.0
008 250721s1996 xx 000 0 ara d
082 1 4 _a956.52/صيا
100 1 _aصيام، زكريا
245 1 0 _aالقدس مدينتي :
_bلفتا قريتي /
264 1 _aعمان :
_bالمؤلف،
_c1996.
300 _a226ص
650 1 7 _aتاريخ فلسطين
650 1 7 _aتاريخ القدس
650 1 7 _aالمدن العربية
942 _2ddc
_cBK
999 _c24441
_d24441